| 000 | 01055cam a22003014a 4500 | ||
|---|---|---|---|
| 001 | 13784412 | ||
| 003 | OSt | ||
| 005 | 20170518124551.0 | ||
| 008 | 041117s2005 njua b 001 0 eng | ||
| 010 | _a 2004063419 | ||
| 020 | _a0131454870 | ||
| 040 |
_aDLC _cDLC _dDLC |
||
| 042 | _apcc | ||
| 050 | 0 | 0 |
_aT58.5 _b.J47 2005 |
| 082 | 0 | 0 |
_a658.4/038/011 _222 |
| 100 | 1 |
_aJessup, Leonard M., _d1961- |
|
| 245 | 1 | 0 |
_aInformation systems today / _cLeonard M. Jessup, Joseph S. Valacich. |
| 250 | _a2nd ed. | ||
| 260 |
_aUpper Saddle River, N.J. : _bPearson Prentice Hall, _c2005. |
||
| 300 |
_axxiii, 478 p. : _bcol. ill. ; _c28 cm. |
||
| 504 | _aIncludes bibliographical references (p. 455-458) and index. | ||
| 650 | 0 | _aInformation technology. | |
| 650 | 0 |
_aInformation storage and retrieval systems _xBusiness. |
|
| 700 | 1 |
_aValacich, Joseph S., _d1959- |
|
| 906 |
_a7 _bcbc _corignew _d1 _eocip _f20 _gy-gencatlg |
||
| 942 |
_2lcc _cBK |
||
| 999 |
_c256401 _d256400 |
||